000 00433nam a22001817a 4500
003 OSt
008 250401b |||||||| |||| 00| 0 eng d
020 _a9789355327192
082 _a658.832 HAE
100 _aHAIR,Joseph F
245 _aEssentials of Marketing Analytics
260 _aNew Delhi
_bTMH
_c2025
300 _a492
700 _aHARRISON,Dana E
700 _aAJJAN,Haya
700 _aADHIKARI,Atanu
942 _2ddc
_cBK
999 _c13192
_d13192